Bank Credit During the 2008 Financial Crisis : A Cross-Country Comparison /

This paper empirically estimates the main determinants of bank credit growth during the 2008 financial crisis. Using a sample covering over 80 countries, this paper finds that larger bank credit booms prior to the crisis and lower GDP growth of trading partners are among the most important determina...

Mô tả đầy đủ

Chi tiết về thư mục
Tác giả chính: Aisen, Ari
Tác giả khác: Franken, Michael
Định dạng: Tạp chí
Ngôn ngữ:English
Được phát hành: Washington, D.C. : International Monetary Fund, 2010.
Loạt:IMF Working Papers; Working Paper ; No. 2010/047
Truy cập trực tuyến:Full text available on IMF
LEADER 01813cas a2200253 a 4500
001 AALejournalIMF006308
008 230101c9999 xx r poo 0 0eng d
020 |c 5.00 USD 
020 |z 9781451963120 
022 |a 1018-5941 
040 |a BD-DhAAL  |c BD-DhAAL 
100 1 |a Aisen, Ari. 
245 1 0 |a Bank Credit During the 2008 Financial Crisis :   |b A Cross-Country Comparison /  |c Ari Aisen, Michael Franken. 
264 1 |a Washington, D.C. :  |b International Monetary Fund,  |c 2010. 
300 |a 1 online resource (26 pages) 
490 1 |a IMF Working Papers 
500 |a <strong>Off-Campus Access:</strong> No User ID or Password Required 
500 |a <strong>On-Campus Access:</strong> No User ID or Password Required 
506 |a Electronic access restricted to authorized BRAC University faculty, staff and students 
520 3 |a This paper empirically estimates the main determinants of bank credit growth during the 2008 financial crisis. Using a sample covering over 80 countries, this paper finds that larger bank credit booms prior to the crisis and lower GDP growth of trading partners are among the most important determinants of the post-crisis bank credit slowdown. Structural variables such as financial depth and integration were also relevant. Finally, countercyclical monetary policy and liquidity played a critical role in alleviating bank credit contraction after the 2008 financial crisis, suggesting that countries should pursue appropriate institutional and macroeconomic frameworks conducive to countercyclical monetary policies. 
538 |a Mode of access: Internet 
700 1 |a Franken, Michael. 
830 0 |a IMF Working Papers; Working Paper ;  |v No. 2010/047 
856 4 0 |z Full text available on IMF  |u http://elibrary.imf.org/view/journals/001/2010/047/001.2010.issue-047-en.xml  |z IMF e-Library